000 00349nam a22001457a 4500
008 230208b ||||| |||| 00| 0 eng d
020 _a9780321979407
041 _aeng
080 _2TENTH EDITION
_a51
082 _a51
100 _a20
101 _aMATEM
245 _aFINITE MATHEMATICS AND CALCULUS WHIT APPLICATIONS
_cLIAL.
942 _2udc
_cBK
999 _c59334
_d59334